Ledesma's Furniture Shop : conversations or confrontations /

Beth Ledesma, founder of Ledesma's Furniture Shop, felt caught in the middle of an argument between her children. Her son Gerry was a laid-back production manager, and her daughter Marsha was an aggressive marketing manager. Their circular argument about how best to meet the demands of the expo...

Full description

Bibliographic Details
Main Author: Santiago, Andrea L. (Author)
Format: eBook
Language:English
Published: London : SAGE Publications: SAGE Business Cases Originals, 2021.
Series:SAGE Business Cases.
Subjects:
Online Access:Connect to the full text of this electronic book

MARC

Tag First Indicator Second Indicator Subfields
LEADER 00000cam a2200000Mi 4500
001 in00005498213
006 m o d
007 cr |||||||||||
008 201109s2021 enk fob 001 0 eng d
005 20240923171855.9
035 |a (OCoLC)on1221018948 
040 |a SGPBL  |b eng  |e rda  |e pn  |c SGPBL  |d OCLCO  |d OCLCF  |d OCLCO 
020 |a 9781529754438  |q (ebook) 
020 |a 1529754437 
035 |a (OCoLC)1221018948 
050 4 |a HD42  |b .S26 2021 
082 0 4 |a 658 
049 |a TXAM 
100 1 |a Santiago, Andrea L.,  |e author. 
245 1 0 |a Ledesma's Furniture Shop :  |b conversations or confrontations /  |c Andrea L. Santiago. 
264 1 |a London :  |b SAGE Publications: SAGE Business Cases Originals,  |c 2021. 
300 |a 1 online resource. 
336 |a text  |b txt  |2 rdacontent 
337 |a computer  |b c  |2 rdamedia 
338 |a online resource  |b cr  |2 rdacarrier 
490 1 |a SAGE Business Cases 
504 |a Includes bibliographical references and index. 
520 8 |a Beth Ledesma, founder of Ledesma's Furniture Shop, felt caught in the middle of an argument between her children. Her son Gerry was a laid-back production manager, and her daughter Marsha was an aggressive marketing manager. Their circular argument about how best to meet the demands of the export market typically ended with Gerry withdrawing and Marsha enraged. The situation was exacerbated by declining revenues in a family business that had recently lost business to new competition in the market and was leveraged due to new building construction. 
588 |a Description based on XML content. 
650 0 |a Conflict management  |v Case studies. 
650 0 |a Family-owned business enterprises  |x Management  |v Case studies. 
650 6 |a Gestion des conflits  |v Études de cas. 
650 6 |a Entreprises familiales  |x Gestion  |v Études de cas. 
650 7 |a Conflict management.  |2 fast  |0 (OCoLC)fst00874778 
650 7 |a Family-owned business enterprises  |x Management.  |2 fast  |0 (OCoLC)fst00920580 
655 7 |a Electronic books.  |2 local 
655 7 |a Case studies.  |2 fast  |0 (OCoLC)fst01423765 
830 0 |a SAGE Business Cases. 
856 4 0 |u http://proxy.library.tamu.edu/login?url=https://sk.sagepub.com/cases/ledesmas-furniture-shop-conversations-or-confrontations  |z Connect to the full text of this electronic book  |t 0 
955 |a SAGE eBooks 
955 |a SAGE Business Cases 2021 Annual Collection 
994 |a 92  |b TXA 
999 f f |s 0e03b8e7-069d-4087-85b1-6287e06716f9  |i 4f9df797-2ef3-418f-a287-253a245d3c12  |t 0 
952 f f |a Texas A&M University  |b College Station  |c Electronic Resources  |d Available Online  |t 0  |e HD42 .S26 2021  |h Library of Congress classification 
998 f f |a HD42 .S26 2021  |t 0  |l Available Online